| 000 | 00000cam 2200000zi 4500 |
| 001 | 9.891180 |
| 003 | CaOODSP |
| 005 | 20260210075355 |
| 006 | m o d f |
| 007 | cr cn||||||||| |
| 008 | 200903t20192019onca ob f000 0 eng d |
| 040 | |aCaOODSP|beng|erda|cCaOODSP |
| 043 | |an-cn--- |
| 045 | |ay1y1 |
| 086 | 1 |aYM32-5/2011-57-2019E-PDF |
| 100 | 1 |aTheckedath, Dillan, |eauthor. |
| 245 | 10|aRural broadband deployment / |cDillan Theckedath, Terrence J. Thomas ; revised by Sarah Lemelin-Bellerose. |
| 250 | |aRevised 17 July 2019. |
| 264 | 1|aOttawa, Canada : |bLibrary of Parliament = Bibliothè€que du Parlement, |c2019. |
| 264 | 4|c©2019 |
| 300 | |a1 online resource (i, 8, i pages) : |bcolour illustrations. |
| 336 | |atext|2rdacontent |
| 337 | |acomputer|2rdamedia |
| 338 | |aonline resource|2rdacarrier |
| 490 | 1 |aIn brief ; |vpublication no. 2011-57-E |
| 500 | |aIssued also in French under title: Déploiement des services à large bande dans les régions rurales. |
| 500 | |a"27 June 2011." |
| 504 | |aIncludes bibliographical references. |
| 650 | 0|aDigital divide|zCanada. |
| 650 | 0|aRural telecommunication|zCanada. |
| 650 | 0|aInternet|zCanada. |
| 710 | 1 |aCanada. |bLibrary of Parliament, |eissuing body. |
| 710 | 1 |aCanada. |bParliamentary Information and Research Service, |eissuing body. |
| 775 | 08|tDéploiement des services à large bande dans les régions rurales / |w(CaOODSP)9.891181 |
| 795 | |tRural broadband deployment |w(CaOODSP)9.571249 |
| 830 | #0|aIn brief (Canada. Parliamentary Information and Research Service)|vno. 2011-57-E.|w(CaOODSP)9.504914 |
| 856 | 40|qPDF|s875 KB|uhttps://publications.gc.ca/collections/collection_2020/bdp-lop/eb/YM32-5-2011-57-2019-eng.pdf |
| 856 | 4 |qHTML|sN/A|uhttps://webarchiveweb.wayback.bac-lac.canada.ca/web/20250505001736/https://lop.parl.ca/sites/PublicWebsite/default/en_CA/ResearchPublications/201157E |